000 01075nam a2200253 i 4500
001 bg
245 0 0 _aPrzedsiębiorczość akademicka - dylematy rozwoju :
_braport z badań : [praca zbiorowa /
_cpod red. Ryszarda Pregiela ; aut.: Robert Gadowski et al. ; Polska Izba Gospodarcza Zaawansowanych Technologii].
260 _aWarszawa :
_bWydawnictwo IZTECH - Polska Izba Gospodarcza Zaawansowanych Technologii,
_c2010.
300 _a146 s. :
_bil. (głównie kolor.) ; 24 cm.
504 _aBibliogr. s. 54-55.
536 _aProjekt dofinansowany ze środków Ministra Nauki i Szkolnictwa Wyższego w ramach programu "Kreator innowacyjności - wsparcie innowacyjnej przedsiębiorczości akademickiej".
650 9 _aSzkolnictwo wyższe
_zPolska
_yod 1989 r.
650 9 _aPrzedsiębiorczość
_zPolska
_yod 1989 r.
700 1 _aPregiel, Ryszard.
_eRed.
700 1 _aGadowski, Robert.
040 _cBPK
041 0 _apol
044 _aPOL
080 _a005.342
080 _a(438)
080 _a(047.36)
942 _cKS
008 130116s pl a f |000 0 pol
999 _c53873
_d53873
856 _uhttp://koha.tu.koszalin.pl/cgi-bin/koha/opac-detail.pl?biblionumber=53873
_yKatalog online BPK